| 000 | 00682nam a2200181Ia 4500 | ||
|---|---|---|---|
| 008 | 100921s9999 xx 000 0 und d | ||
| 082 |
_b6310 _a808.068 थ 84 |
||
| 100 | _aकुलकर्णी सुहास | ||
| 245 | _aराष्ट्रमाता जिजाऊ. | ||
| 260 |
_bप्रभाकर प्रकाशन, बुलढाणा. _c1984 |
||
| 300 |
_a118 _b--- |
||
| 365 | _b20 | ||
| 520 | _aललित-बालवाङ्रमय. | ||
| 630 | _aराष्ट्रमाता जिजाऊ. | ||
| 650 | _aललित-बालवाङ्रमय. | ||
| 730 | _aराष्ट्रमाता जिजाऊ. | ||
| 942 | _cBOOK | ||
| 999 |
_c755423 _d755420 |
||